| 000 | 00769am a2200289a 44500 | ||
|---|---|---|---|
| 003 | AR-BaBNM | ||
| 005 | 20251128210545.0 | ||
| 008 | 290120s1997 #AR|||||||||||000 | spa|| | ||
| 020 | _a0-582-30397-4 | ||
| 040 | _cAR-BaBNM | ||
| 100 | 1 | _aMugglestone, Patricia | |
| 245 | 1 | 0 |
_aLet's go for EGB! _bteacher's resource book : 1 and 2 |
| 250 | _a1ª ed. | ||
| 260 |
_aEdinburgh _bLongman _c1997 |
||
| 300 |
_a144 p. _btablas |
||
| 650 | 4 | _aENSEÑANZA DE IDIOMAS | |
| 650 | 4 | _aINGLES | |
| 650 | 4 | _aTECNICAS DIDACTICAS | |
| 650 | 4 | _aACTIVIDADES DE APRENDIZAJE | |
| 650 | 4 | _aGUIA DEL DOCENTE | |
| 653 | _aEDUCACION GENERAL BASICA | ||
| 653 | _aPRIMER CICLO DE LA EGB | ||
| 700 | 1 | _aElsworth, Steve | |
| 700 | 1 | _aRose, Jim | |
| 942 | _cBK | ||
| 998 | _cRAQUEL | ||
| 999 |
_c15935 _d15935 |
||